[Event "OMA-chT 6th"]
[Site "Muscat"]
[Date "2023.08.09"]
[Round "8.4"]
[White "Al Amari, Mohammed"]
[Black "Al Ansi, Amin Hassan"]
[Result "1/2-1/2"]
[WhiteElo "1662"]
[BlackElo "1806"]
[PlyCount "164"]
[EventDate "2023.08.03"]
[EventType "team-swiss"]
[EventRounds "9"]
[EventCountry "OMN"]
[SourceTitle "EXT 2024"]
[Source "ChessBase"]
[SourceDate "2023.10.10"]
[SourceVersion "1"]
[SourceVersionDate "2023.10.10"]
[SourceQuality "1"]
[WhiteTeam "Mirbat"]
[BlackTeam "Salalah II"]
[WhiteTeamCountry "OMN"]
[BlackTeamCountry "OMN"]

1. e4 e5 2. Nf3 Nc6 3. Bc4 Bc5 4. 0-0 Nf6 5. d4 Bxd4 6. Nxd4 Nxd4 7. f4 d6 8. fxe5 dxe5 9. Bg5 Be6 10. Bxe6 Nxe6 11. Bxf6 Qxd1 12. Rxd1 gxf6 13. Nc3 c6 14. Ne2 Rd8 15. Ng3 Rxd1+ 16. Rxd1 Ng7 17. Rd3 Ke7 18. Kf2 Rd8 19. Rb3 Rd7 20. Ke3 Ke6 21. Ke2 f5 22. Ra3 a6 23. Rf3 f4 24. Nf1 f5 25. Nd2 Kf6 26. Rh3 h5 27. Rd3 Rxd3 28. Kxd3 Ne6 29. b4 Ng5 30. exf5 Kxf5 31. Nc4 Nf7 32. Na5 e4+ 33. Ke2 Nd6 34. c4 e3 35. Kd3 h4 36. c5 Nf7 37. Nxb7 Ne5+ 38. Ke2 Kg4 39. Nd8 h3 40. gxh3+ Kxh3 41. Ne6 Kg4 42. Nd4 Kh3 43. Ne6 Kg4 44. Nd4 Nc4 45. a4 Ne5 46. b5 cxb5 47. axb5 axb5 48. Nxb5 Kh3 49. Nd4 Kxh2 50. c6 Nc4 51. c7 Nb6 52. Kf3 Kg1 53. Ne2+ Kf1 54. Nxf4 Ke1 55. Nd5 e2 56. Nxb6 Kd1 57. c8Q e1Q 58. Qd7+ Kc1 59. Qc6+ Kb1 60. Qb5+ Ka1 61. Qa4+ Kb1 62. Qb3+ Ka1 63. Qa3+ Kb1 64. Qd3+ Ka1 65. Nc4 Qh1+ 66. Ke2 Qg2+ 67. Kd1 Qg1+ 68. Kd2 Qf2+ 69. Kc3 Qf6+ 70. Kc2 Qf2+ 71. Nd2 Qc5+ 72. Nc4 Qf2+ 73. Kc3 Qf6+ 74. Kb3 Qb6+ 75. Ka4 Qa6+ 76. Kb3 Qb6+ 77. Kc3 Qf6+ 78. Kc2 Qf2+ 79. Nd2 Qc5+ 80. Kd1 Qg1+ 81. Nf1 Qg4+ 82. Kd2 Qg2+ 1/2-1/2

[Event "OMA-chT 6th"]
[Site "Muscat"]
[Date "2023.08.04"]
[Round "2.4"]
[White "Al Hadidi, Osama Khalid"]
[Black "Al Amari, Mohammed"]
[Result "0-1"]
[WhiteElo "1305"]
[BlackElo "1662"]
[PlyCount "76"]
[EventDate "2023.08.03"]
[EventType "team-swiss"]
[EventRounds "9"]
[EventCountry "OMN"]
[SourceTitle "EXT 2024"]
[Source "ChessBase"]
[SourceDate "2023.10.10"]
[SourceVersion "1"]
[SourceVersionDate "2023.10.10"]
[SourceQuality "1"]
[WhiteTeam "Al Seeb"]
[BlackTeam "Mirbat"]
[WhiteTeamCountry "OMN"]
[BlackTeamCountry "OMN"]

1. e4 e6 2. d4 d5 3. e5 c5 4. c3 Nc6 5. Nf3 Qb6 6. Be2 cxd4 7. cxd4 Bb4+ 8. Nc3 Nge7 9. g4 0-0 10. Qd3 f5 11. h3 Bd7 12. Rg1 Ba5 13. a3 Bxc3+ 14. bxc3 Rac8 15. Bh6 Ng6 16. Bc1 Nce7 17. Rb1 Qc7 18. Bd2 a6 19. Qc2 Nc6 20. h4 Nce7 21. h5 Nh8 22. Bh6 gxh6 23. gxf5+ Kf7 24. fxe6+ Bxe6 25. Qxh7+ Ke8 26. Qxh6 Qxc3+ 27. Kf1 Bh3+ 28. Rg2 Bxg2+ 29. Kxg2 Nf7 30. Qf4 b5 31. h6 Qc2 32. Re1 Qg6+ 33. Kf1 Nxh6 34. Qe3 Ng4 35. Qg5 Nh2+ 36. Kg2 Qh7 37. Qe3 Nf5 38. Qd3 Rg8+ 0-1

[Event "OMA-ch 10th"]
[Site "Muscat"]
[Date "2023.02.16"]
[Round "1"]
[White "Al Yahmedi, Abdul Rahman"]
[Black "Al Amari, Mohammed"]
[Result "1/2-1/2"]
[WhiteElo "1089"]
[BlackElo "1697"]
[PlyCount "112"]
[EventDate "2023.02.16"]
[EventType "swiss"]
[EventRounds "9"]
[EventCountry "OMN"]
[SourceTitle "EXT 2024"]
[Source "ChessBase"]
[SourceDate "2023.10.10"]
[SourceVersion "1"]
[SourceVersionDate "2023.10.10"]
[SourceQuality "1"]

1. e4 e6 2. d4 d5 3. exd5 exd5 4. Nf3 Bd6 5. Nc3 Nf6 6. Bg5 Be6 7. Bd3 h6 8. Bh4 0-0 9. 0-0 Nbd7 10. Ne2 Bg4 11. Bxf6 Qxf6 12. Ng3 Bxf3 13. Qxf3 Qxd4 14. c3 Qc5 15. b4 Qc6 16. a4 Ne5 17. Qe3 Rfe8 18. Bb5 Qb6 19. Bxe8 Rxe8 20. Qxb6 axb6 21. Rfe1 Rd8 22. Nf5 Nc4 23. Ne7+ Kf8 24. Nxd5 Bxh2+ 25. Kxh2 Rxd5 26. Rad1 Rxd1 27. Rxd1 Ke7 28. Rd4 Nd6 29. a5 bxa5 30. bxa5 Kd7 31. Ra4 c5 32. c4 Ke6 33. a6 bxa6 34. Rxa6 Kd7 35. Ra7+ Ke6 36. Rc7 Nxc4 37. Rxc5 Ne5 38. Rc3 g5 39. Kg3 Kf5 40. Rc5 h5 41. f3 f6 42. Ra5 h4+ 43. Kh3 Kg6 44. Ra6 Nd3 45. g3 hxg3 46. Kxg3 Kf5 47. Ra5+ Ne5 48. Rb5 Kg6 49. f4 gxf4+ 50. Kxf4 Nd3+ 51. Ke4 Nf2+ 52. Kf4 Nh3+ 53. Kg4 Ng5 54. Rb6 Nf7 55. Kf4 Nd8 56. Rxf6+ Kxf6 1/2-1/2

[Event "Asia-ch Amateur"]
[Site "Muscat"]
[Date "2022.10.01"]
[Round "4"]
[White "Alhassan, Meshari"]
[Black "Al Amari, Mohammed"]
[Result "0-1"]
[WhiteElo "1372"]
[BlackElo "1646"]
[PlyCount "66"]
[EventDate "2022.09.29"]
[EventType "swiss"]
[EventRounds "9"]
[EventCountry "OMN"]
[SourceTitle "CBM 210 Extra"]
[Source "ChessBase"]
[SourceDate "2022.11.30"]
[SourceVersion "1"]
[SourceVersionDate "2022.11.30"]
[SourceQuality "1"]

1. d4 d5 2. e3 Nf6 3. Bd3 Bg4 4. Nf3 e6 5. Nbd2 c5 6. c3 cxd4 7. cxd4 Nc6 8. 0-0 Bd6 9. Qe1 0-0 10. a3 Rc8 11. Nh4 Ne4 12. f4 f5 13. Nhf3 Qb6 14. Ne5 Bxe5 15. fxe5 Nxd4 16. Nxe4 dxe4 17. exd4 Qxd4+ 18. Qe3 Qxe3+ 19. Bxe3 exd3 20. Rf2 a6 21. Rd2 Be2 22. Bd4 f4 23. Bc3 g5 24. Kf2 g4 25. g3 fxg3+ 26. Kxg3 Rf3+ 27. Kg2 Rcf8 28. Bd4 h5 29. Re1 h4 30. Rdxe2 h3+ 31. Kh1 Rf1+ 32. Bg1 dxe2 33. Rxe2 R8f4 0-1

[Event "Asia-ch Amateur"]
[Site "Muscat"]
[Date "2022.09.30"]
[Round "2"]
[White "Owlad, Ehsan"]
[Black "Al Amari, Mohammed"]
[Result "1-0"]
[WhiteElo "1962"]
[BlackElo "1646"]
[PlyCount "91"]
[EventDate "2022.09.29"]
[EventType "swiss"]
[EventRounds "9"]
[EventCountry "OMN"]
[SourceTitle "CBM 210 Extra"]
[Source "ChessBase"]
[SourceDate "2022.11.30"]
[SourceVersion "1"]
[SourceVersionDate "2022.11.30"]
[SourceQuality "1"]

1. d4 Nf6 2. Nf3 e6 3. Bg5 c5 4. c3 h6 5. Bxf6 Qxf6 6. Nbd2 d5 7. e4 cxd4 8. e5 Qd8 9. Nxd4 Be7 10. f4 0-0 11. Bd3 Nc6 12. 0-0 Bc5 13. N2b3 Bxd4+ 14. cxd4 a5 15. Bc2 Nb4 16. Bb1 b6 17. a3 Nc6 18. Qc2 g6 19. Qxc6 Ba6 20. Rd1 Rc8 21. Qd6 Qh4 22. g3 Qg4 23. Re1 h5 24. Qe7 Be2 25. Nd2 Rc6 26. Kf2 Ba6 27. Qh4 Qxh4 28. gxh4 Rfc8 29. Ke3 a4 30. Nf1 Kf8 31. Ng3 Rc1 32. Bd3 Rxa1 33. Rxa1 Bc4 34. Rc1 b5 35. Ne2 Rb8 36. Nc3 Ke7 37. Bxc4 dxc4 38. Na2 Rd8 39. Nb4 Kd7 40. Rd1 Kc7 41. d5 exd5 42. Rxd5 Rxd5 43. Nxd5+ Kc6 44. Kd4 Kd7 45. Kc5 Ke6 46. Ne3 1-0

[Event "OMA-ch"]
[Site "Muscat"]
[Date "2022.02.16"]
[Round "8"]
[White "Salim, Mohammed Salim Al"]
[Black "Al Amari, Mohammed"]
[Result "1-0"]
[WhiteElo "1908"]
[BlackElo "1685"]
[PlyCount "134"]
[EventDate "2022.02.10"]
[EventType "swiss"]
[EventRounds "9"]
[EventCountry "OMN"]
[SourceTitle "EXT 2023"]
[Source "ChessBase"]
[SourceDate "2022.10.05"]
[SourceVersion "1"]
[SourceVersionDate "2022.10.05"]
[SourceQuality "1"]

1. e4 e6 2. d4 b6 3. Bd3 Bb7 4. Nc3 g6 5. Nf3 Bg7 6. 0-0 Ne7 7. Be3 0-0 8. Qd2 d6 9. Bh6 Nd7 10. Rad1 a6 11. Rfe1 Nb8 12. Nb1 Nbc6 13. c3 Nb8 14. Bc2 Nd7 15. Re2 Nf6 16. Rde1 Re8 17. h3 Rc8 18. Be3 Qd7 19. Qc1 Qd8 20. Nbd2 Nd7 21. Kf1 Rf8 22. Kg1 Nc6 23. b3 a5 24. Qa3 Qe7 25. Kf1 Rfd8 26. Kg1 Bf8 27. Qb2 Bg7 28. Kh2 Rf8 29. Qa1 Qd8 30. Nf1 Ne7 31. Qd1 Nf6 32. Ng3 Nh5 33. Qd2 Nf6 34. Rd1 Re8 35. Ree1 Nd7 36. Kh1 Nc6 37. Kg1 Qe7 38. Qe2 Red8 39. Rd2 Bf8 40. Red1 Re8 41. Bb1 Bg7 42. Kf1 Rf8 43. Ke1 Rcd8 44. Kf1 Qe8 45. Kg1 Ne7 46. Kh1 Nf6 47. Qd3 Nc6 48. Bc2 Nd7 49. Re1 Ne7 50. Bd1 h6 51. Be2 Kh7 52. Ng1 Kg8 53. Rb2 Nc6 54. Rbb1 Qe7 55. Bf1 Rfe8 56. Rec1 Rc8 57. N1e2 Qd8 58. Ng1 Nf6 59. Bd2 Nd7 60. Qf3 Nf6 61. Kh2 Ne7 62. Bd3 Nc6 63. Re1 Nd7 64. Rbd1 Nf6 65. Bc1 Kh7 66. Bb1 Qd7 67. Qd3 Ng8 1-0

[Event "OMA-ch"]
[Site "Muscat"]
[Date "2022.02.12"]
[Round "4"]
[White "Al Amari, Mohammed"]
[Black "Al Kathiri, Hassan"]
[Result "1/2-1/2"]
[WhiteElo "1685"]
[BlackElo "1554"]
[PlyCount "121"]
[EventDate "2022.02.10"]
[EventType "swiss"]
[EventRounds "9"]
[EventCountry "OMN"]
[SourceTitle "EXT 2023"]
[Source "ChessBase"]
[SourceDate "2022.10.05"]
[SourceVersion "1"]
[SourceVersionDate "2022.10.05"]
[SourceQuality "1"]

1. e4 c5 2. Nf3 Nc6 3. d4 cxd4 4. Nxd4 e5 5. Nb5 a6 6. Nd6+ Bxd6 7. Qxd6 Qf6 8. Qa3 Nge7 9. Bd3 0-0 10. 0-0 d5 11. f3 Be6 12. Nc3 Rfd8 13. exd5 Nxd5 14. Ne4 Qe7 15. Qxe7 Ndxe7 16. f4 Nb4 17. Nc5 Nxd3 18. Nxe6 Nxc1 19. Nxd8 Ne2+ 20. Kf2 Nxf4 21. Nxb7 h5 22. g3 Ne6 23. Nd6 Ng5 24. c4 Rd8 25. c5 Nc6 26. a3 a5 27. Rab1 Rb8 28. Ke3 Rb3+ 29. Kf2 Ne6 30. Rfc1 f6 31. Rc3 Rb8 32. Ke3 Ned4 33. Nc4 Kf7 34. Nb6 Ke6 35. b4 axb4 36. axb4 Nb5 37. Rd3 Ncd4 38. Na4 Nc2+ 39. Kd2 Nbd4 40. b5 e4 41. Rc3 e3+ 42. Kd3 Ra8 43. Rxc2 Nxc2 44. Kxc2 Rxa4 45. b6 e2 46. Kd2 Ra8 47. Kxe2 Kd5 48. Rc1 Kc6 49. Rc2 Re8+ 50. Kf3 g5 51. h3 f5 52. Re2 g4+ 53. hxg4 fxg4+ 54. Kf2 Rf8+ 55. Ke1 Kxc5 56. Re5+ Kxb6 57. Rxh5 Rf3 58. Rg5 Rxg3 59. Kf2 Rf3+ 60. Kg2 Rf4 61. Kg3 1/2-1/2